Riadenie virtuálnych organizácií

Zmeny v organizačných štruktúrach podnikov ako aj v ich riadení. Byrokratická, maticová a virtuálna organizačná štruktúra. Vymedzenie virtuálnej organizačnej štruktúry. Špecifické typy virtuálnych organizácií. Nová úloha lídrov vo virtuálnej organizácii. Úloha brokerov. Manažéri vo virtuálnej organi...

Descrizione completa

Salvato in:
Dettagli Bibliografici
Autore principale: Materák, Milan
Natura: Capitolo di libro
Lingua:slovacco
Soggetti:
Tags: Aggiungi Tag
Nessun Tag, puoi essere il primo ad aggiungerne!!

MARC

LEADER 00000naa$a2200000$$$4500
001 0049703
005 20231107074043.5
041 0 |a slo 
044 |a SK 
245 1 0 |a Riadenie virtuálnych organizácií  |c Milan Materák 
520 |a Zmeny v organizačných štruktúrach podnikov ako aj v ich riadení. Byrokratická, maticová a virtuálna organizačná štruktúra. Vymedzenie virtuálnej organizačnej štruktúry. Špecifické typy virtuálnych organizácií. Nová úloha lídrov vo virtuálnej organizácii. Úloha brokerov. Manažéri vo virtuálnej organizácii. 
610 2 0 |a štruktúra podniku organizačná 
610 2 0 |a konkurencia 
610 2 0 |a lídri 
610 2 0 |a manažéri 
610 2 0 |a štruktúra pyramídová 
610 2 0 |a podnik virtuálny 
610 2 0 |a riadenie podnikové 
100 1 |a Materák, Milan